Statistics for Premier League Top Goalscorer since 2000

Click here to take the quiz!

General Stats

  • This quiz has been taken 59 times
  • The average score is 13 of 16

Answer Stats

Answer % Correct
Thierry Henry
96%
Mohamed Salah
96%
Harry Kane
94%
Sergio Agüero
92%
Luis Suarez
92%
Didier Drogba
90%
Robin Van Persie
88%
Pierre-Emerick Aubameyang
84%
Sadio Mané
82%
Cristiano Ronaldo
80%
Ruud Van Nistelrooy
75%
Dimitar Berbatov
71%
Nicolas Anelka
71%
Carlos Tevez
67%
Jimmy Floyd Hasselbaink
57%
Kevin Phillips
51%

Score Distribution

Percentile by Number Answered

Percent of People with Each Score

Your Score History

You have not taken this quiz